000 00874cam a22001935a 4500
001 L140787
008 071011s1878 xxk eng u
035 _a(Sirsi) u140787
041 0 _aeng
110 1 _aE and H Lumley
245 0 0 _aDescriptive illustrated particulars, with plan of the historical property known as Pope's Villa, surrounded by ornamental grounds...the whole property comprising an area of about five acres...which will be sold at auction by Messrs. E. amd H. Lumley at the Mart, Tokenhouse Yard, E.C. on Tuesday the 28th day of May 1878...
260 _aS.l.
_bs.n.
_c[1878]
_e(London
_fT. Pettitt and Co.)
300 _a[22] p.
_bcol. map
_c44 cm., folded to 29 x 23 cm.
340 _aPrinted
351 _cSingle item
651 4 _aMiddlesex
690 _aPROPERTY-PROPERTY ACQUISITION AND DISPOSAL-ACQUISITION AND DISPOSAL AT AUCTION
942 _n0
999 _c116481
_d116481